000 00693nam a22002057a 4500
003 0
005 20250919120101.0
008 250919b xxu||||| |||| 00| 0 eng d
020 _a978-1-64728-827-3
050 _aQA 76.9.M35
_b.R46 2025
100 _aRhoades, Christopher,
_eauthor.
245 _aA Comprehensive guide to discrete mathematics /
_cChristopher Rhoades.
260 _aForest Hills, NY :
_bWillford Press,
_c2025.
300 _avii, 219 pages :
_billustrations ;
_c27 cm.
504 _aIncludes bibliographical references and index.
650 _aComputer science
_xMathematics.
650 _aMathematics
_xData processing.
650 _aFunctional analysis.
942 _2lcc
_cBK
999 _c368037
_d368037